| 000 | 00344nam a2200145Ia 4500 | ||
|---|---|---|---|
| 008 | 230917s9999||||xx |||||||||||||| ||und|| | ||
| 040 |
_e143268 _aMAIN |
||
| 041 | _aEnglish | ||
| 082 | _a954.025 H264M | ||
| 100 | _aHabib, Irfan | ||
| 245 | 0 | _aMadhyakaleen Bharat | |
| 260 |
_aNew Delhi _bRajkamal _c1999 |
||
| 300 | _a176p. p. | ||
| 942 | _cBK | ||
| 999 |
_c104406 _d104406 |
||